Type Gibberish - Statistics

General Stats
  • This quiz has been taken 37 times
  • The average score is 13 of 15
Answer Stats
Hint Answer % Correct
Type orjfosjrohgpw orjfosjrohgpw
97%
Type ifbiaojforjfoef ifbiaojforjfoef
94%
Type sufbfitgiwfwj sufbfitgiwfwj
94%
Type coxrjowjoiwro coxrjowjoiwro
91%
Type qpowjomewo qpowjomewo
91%
Type tfrfghyujfress tfrfghyujfress
88%
Type dfxfrnhugjlpu dfxfrnhugjlpu
85%
Type fryuhhjgvtnjk fryuhhjgvtnjk
85%
Type gvtyrcyuhigfo gvtyrcyuhigfo
85%
Type hjugvkjgfdgft hjugvkjgfdgft
85%
Type tfrujbgdtiuiihu tfrujbgdtiuiihu
85%
Type vutwbuiwiuef vutwbuiwiuef
85%
Type wjrfifowjfowfo wjrfifowjfowfo
85%
Type wrbfhwifihgwi wrbfhwifihgwi
85%
Type zscdvhbfgnh zscdvhbfgnh
85%
No matching quizzes found
Score Distribution
Percent of People with Each Score
Percentile by Number Answered
Your Score History
You have not taken this quiz